| 000 | 00574nam a2200181Ia 4500 | ||
|---|---|---|---|
| 005 | 20250127010145.0 | ||
| 008 | 240331s9999 xx 000 0 und d | ||
| 082 |
_bWIJ _23586 _a304.2 |
||
| 100 | _aWijayadasa, K. H. J | ||
| 245 | 0 |
_aTowards Sustainable Growth, The Sri Lanka Experience: _bThe Evolution of Environmental Policies and Strategies in Sri Lanka 1978-1993 |
|
| 250 | _a2nd Edition | ||
| 260 |
_bCentral Environmental Authority _c1994 |
||
| 300 | _aviii, 214 p., | ||
| 650 | _aSustainable Growth | ||
| 650 | _aDevelopment | ||
| 650 | _aEnvironment | ||
| 942 | _cL | ||
| 999 |
_c1476 _d1476 |
||